000 00544nam a2200157 4500
999 _c17095
_d17095
008 220602b ||||| |||| 00| 0 eng d
022 _a0732-8435
082 _aDPer 657.05 C33 Sept - Dec 2012, v. 82 n. 9 - 12
100 _aAnders, Susan B.
_942727
245 _aWebsites of the month:
_bvaluation resources/
_cSusan B. Anders.
260 _aNew York:
_bThe New York State Society of CPA,
_c©2012.
300 _av82 n11, page 72-73:
_b illustrations:
_c28 cm.
500 _aThe CPA Journal.
650 _aValuation.
_945434
942 _2ddc
_cPER